[Event "25.Schlosspark-Open"]
[Site "Wiesbaden-Biebrich"]
[Date "2013.08.23"]
[Round "2.28"]
[White "Boos, Markus"]
[Black "Kobs, Stephan"]
[Result "1-0"]
[WhiteElo "2153"]
[BlackElo "1986"]
[PlyCount "71"]
[EventDate "2013.??.??"]
[WhiteTeam "SF Vonkeln 1931"]
[BlackTeam "SC Bad Salzdetfurth"]

1. d4 Nf6 2. c4 c5 3. d5 b5 4. cxb5 a6 5. bxa6 Bxa6 6. Nc3 d6 7. g3 g6 8. Bg2
Bg7 9. Nf3 Nbd7 10. Rb1 Nb6 11. b3 O-O 12. O-O Bc8 13. e4 Ba6 14. Re1 Nbd7 15.
Bf1 Bxf1 16. Rxf1 Ne8 17. Bd2 Bxc3 18. Bxc3 Rxa2 19. Qd3 Ng7 20. Ra1 Qa8 21.
Qb5 Nf6 22. Nd2 Rxa1 23. Rxa1 Qb8 24. Qxb8 Rxb8 25. Bxf6 exf6 26. Ra6 Ne8 27.
Nc4 Rd8 28. f4 Kf8 29. Kf2 Ke7 30. Na5 Kd7 31. Nc6 Rc8 32. Rb6 Rc7 33. Ke3 Ng7
34. g4 Ne8 35. Kd3 Rc8 36. Na7 1-0

[Event "25.Schlosspark-Open"]
[Site "Wiesbaden-Biebrich"]
[Date "2013.08.23"]
[Round "2.29"]
[White "Achtmann, Armin"]
[Black "Baskin, Robert"]
[Result "1-0"]
[WhiteElo "1963"]
[BlackElo "2145"]
[PlyCount "81"]
[EventDate "2013.??.??"]
[WhiteTeam "SAbt TuS Dotzheim"]
[BlackTeam "SAbt TuS Makkabi Ffm"]

1. b4 e5 2. Bb2 d6 3. e3 Nf6 4. Nf3 e4 5. Nd4 c5 6. bxc5 dxc5 7. Nb3 Bd6 8. Be2
O-O 9. O-O b6 10. f4 Bb7 11. Qe1 Nbd7 12. Nc3 Qe7 13. Qh4 Rad8 14. g4 Nd5 15.
g5 f6 16. Bc4 Qf7 17. Nxe4 Be7 18. gxf6 gxf6 19. Rf3 Kh8 20. Rh3 Qg7+ 21. Ng5
Kg8 22. Qg3 fxg5 23. Bxg7 Kxg7 24. fxg5 Rf5 25. Qh4 Rxg5+ 26. Rg3 Rxg3+ 27.
Qxg3+ Kh8 28. Kf2 Rg8 29. Qh3 N7f6 30. Qf5 Rg2+ 31. Kf1 Rxh2 32. Bxd5 Bxd5 33.
Qe5 Rh1+ 34. Ke2 Rh5 35. Qxe7 Rh2+ 36. Kf1 Rh1+ 37. Kf2 Ne4+ 38. Ke2 Rh2+ 39.
Kd3 c4+ 40. Kd4 cxb3 41. Qe5+ 1-0

[Event "25.Schlosspark-Open"]
[Site "Wiesbaden-Biebrich"]
[Date "2013.08.23"]
[Round "2.30"]
[White "Frey, Thomas"]
[Black "Reichenbächer, Thomas"]
[Result "0-1"]
[WhiteElo "2141"]
[BlackElo "1966"]
[PlyCount "160"]
[EventDate "2013.??.??"]
[WhiteTeam "SV Reutlingen"]
[BlackTeam "SC Steißlingen"]

1. e4 c5 2. Nf3 Nc6 3. Nc3 g6 4. d4 cxd4 5. Nxd4 Bg7 6. Be3 Nf6 7. Nb3 d6 8.
Be2 Bd7 9. h3 a5 10. Nd2 a4 11. a3 Na5 12. O-O O-O 13. f4 Bc6 14. Qe1 Nd7 15.
Qf2 Nc5 16. Bd4 Bxd4 17. Qxd4 Qb6 18. Qb4 Qa7 19. Kh2 b6 20. Bb5 Qd7 21. Bd3
Qb7 22. Qd4 Rad8 23. f5 d5 24. e5 Ne4 25. Bxe4 dxe4 26. Qe3 Qc7 27. Ncxe4 Qxe5+
28. Qf4 Qxf4+ 29. Rxf4 Nb7 30. fxg6 hxg6 31. Nf3 Nd6 32. Nxd6 Rxd6 33. Re1 Bxf3
34. Rxf3 e6 35. Rf2 b5 36. Re5 Rb8 37. Rc5 Rb7 38. Re2 Rdb6 39. Rd2 Kg7 40. Rd4
Kf6 41. Rb4 Ke7 42. b3 axb3 43. Rxb3 Kd6 44. Rc8 Kd7 45. Rcc3 b4 46. axb4 Rxb4
47. Rxb4 Rxb4 48. Kg3 Re4 49. Kf3 f5 50. Rd3+ Ke7 51. Re3 Rc4 52. Re2 Kf6 53.
Kf2 e5 54. Ke1 e4 55. Kd2 f4 56. c3 Kf5 57. Kc2 e3 58. Kd3 Rc8 59. Rc2 Rd8+ 60.
Ke2 Ke4 61. Ra2 Rd5 62. Ra4+ Ke5 63. Ra2 g5 64. g3 Rc5 65. gxf4+ gxf4 66. Kd3
Rd5+ 67. Ke2 Rc5 68. Kd3 Kf5 69. c4 Re5 70. Re2 Re8 71. c5 Rd8+ 72. Kc3 Ke4 73.
Ra2 Kf3 74. Kc4 e2 75. Ra1 Rd1 76. Ra3+ Kf2 77. Ra2 Kf1 78. Rxe2 Kxe2 79. c6 f3
80. c7 Rc1+ 0-1

[Event "25.Schlosspark-Open"]
[Site "Wiesbaden-Biebrich"]
[Date "2013.08.23"]
[Round "2.31"]
[White "Rump, Andreas"]
[Black "Koch, Markus"]
[Result "0-1"]
[WhiteElo "1954"]
[BlackElo "2140"]
[PlyCount "96"]
[EventDate "2013.??.??"]
[WhiteTeam "SG Turm Idstein"]
[BlackTeam "SC Brett vor'm Kopp Ffm"]

1. e4 c5 2. Nf3 d6 3. Bb5+ Bd7 4. Bxd7+ Qxd7 5. c4 Nf6 6. Nc3 g6 7. d3 Bg7 8.
O-O O-O 9. h3 Nc6 10. Ne1 a6 11. a4 e6 12. f4 d5 13. e5 Ne8 14. cxd5 exd5 15.
Nf3 f6 16. Qb3 Nc7 17. Ne4 c4 18. Nc5 Qe7 19. Qb6 fxe5 20. dxc4 e4 21. Re1 Nd4
22. Nxd4 Bxd4+ 23. Be3 Rf6 24. Qb4 Bxe3+ 25. Rxe3 Qd6 26. cxd5 b6 27. Rc1 bxc5
28. Rxc5 Qxf4 29. Rxe4 Qf1+ 30. Kh2 Rf7 31. Qb7 Re8 32. d6 Ne6 33. d7 Rd8 34.
Rc8 Kg7 35. Rxe6 Qf4+ 36. Kh1 Rdxd7 37. Qe4 Rd1+ 38. Qe1 Qxa4 39. Rc1 Rxe1+ 40.
Rcxe1 Qb5 41. R6e2 Rf1+ 42. Rxf1 Qxe2 43. Ra1 a5 44. b3 Kf6 45. Rb1 g5 46. Kg1
h5 47. Rf1+ Ke5 48. Rf3 Ke4 0-1

[Event "25.Schlosspark-Open"]
[Site "Wiesbaden-Biebrich"]
[Date "2013.08.23"]
[Round "2.32"]
[White "Haftmann, Rainer"]
[Black "Werner, Dimo"]
[Result "0-1"]
[WhiteElo "1939"]
[BlackElo "2139"]
[PlyCount "39"]
[EventDate "2013.??.??"]
[WhiteTeam "SAbt SG 1945 Dietzenbach"]
[BlackTeam "Vorw.Orient Mainz"]

1. e4 c5 2. Nf3 d6 3. d4 cxd4 4. Nxd4 Nf6 5. Nc3 a6 6. Bg5 Nbd7 7. Qd2 e6 8. f4
b5 9. a3 Bb7 10. Be2 h6 11. Bxf6 gxf6 12. Bh5 Ke7 13. O-O-O Qb6 14. Rhe1 Rh7
15. e5 fxe5 16. fxe5 Nxe5 17. Rxe5 dxe5 18. Nf5+ exf5 19. Qd7+ Kf6 20. g4 {
Rest unleserlich!} 0-1

[Event "25.Schlosspark-Open"]
[Site "Wiesbaden-Biebrich"]
[Date "2013.08.23"]
[Round "2.33"]
[White "Friesen, Viktor"]
[Black "Braunberger, Gerald"]
[Result "1-0"]
[WhiteElo "2123"]
[BlackElo "1951"]
[PlyCount "105"]
[EventDate "2013.??.??"]
[WhiteTeam "Herforder SV Königsspr"]
[BlackTeam "SK Bad Homburg 1927"]

1. Nf3 d5 2. g3 c6 3. Bg2 Bg4 4. Ne5 Bh5 5. d4 Nd7 6. O-O e6 7. c4 Ngf6 8. Nc3
Nxe5 9. dxe5 Nd7 10. cxd5 cxd5 11. Qa4 Bc5 12. g4 Bg6 13. e4 d4 14. Nb5 O-O 15.
Bf4 a6 16. Na3 b5 17. Qb3 Rc8 18. Rad1 h5 19. Qh3 hxg4 20. Qxg4 Qb6 21. h4 Rfe8
22. Rd3 Kh8 23. Rg3 Rg8 24. h5 Bh7 25. h6 gxh6 26. Qh5 Rxg3 27. Bxg3 Rg8 28.
Qxf7 d3 29. Kh2 Qc6 30. Bh3 Rg7 31. Qe8+ Bg8 32. Nb1 Bd4 33. Qh5 Bh7 34. Qxh6
Bxe5 35. Rc1 Bxg3+ 36. fxg3 Qd6 37. Rc8+ Nf8 38. e5 Qe7 39. Bxe6 Rg8 40. Bxg8
Kxg8 41. Qd6 Qg7 42. Nc3 Bf5 43. Rd8 Qf7 44. Qd5 Be6 45. Qxd3 Qh5+ 46. Kg1 Bc4
47. Qe3 Kg7 48. Qf4 Nh7 49. Rd7+ Kh8 50. e6 Qc5+ 51. Qd4+ Qxd4+ 52. Rxd4 Bxe6
53. Rd6 1-0

[Event "25.Schlosspark-Open"]
[Site "Wiesbaden-Biebrich"]
[Date "2013.08.23"]
[Round "2.34"]
[White "Lenz, Jonas"]
[Black "Sarközy, Benjamin"]
[Result "1/2-1/2"]
[WhiteElo "1930"]
[BlackElo "2115"]
[PlyCount "68"]
[EventDate "2013.??.??"]
[WhiteTeam "SK Bad Homburg 1927"]
[BlackTeam "SV Oberursel"]

1. e4 c5 2. Nf3 Nc6 3. d4 cxd4 4. Nxd4 g6 5. c4 Nf6 6. Nc3 d6 7. Be2 Nxd4 8.
Qxd4 Bg7 9. Be3 O-O 10. Qd2 Qa5 11. O-O Be6 12. Rac1 Rfc8 13. b3 a6 14. Nd5
Qxd2 15. Nxf6+ Bxf6 16. Bxd2 Bd7 17. Be3 Bb2 18. Rcd1 Bc6 19. Bd4 Bxd4 20. Rxd4
b5 21. Rc1 Be8 22. Rd5 Bd7 23. Rdd1 Bc6 24. Rd4 Be8 25. Rd5 Rc7 26. Kf1 Kg7 27.
c5 a5 28. e5 dxe5 29. Rxe5 Rd8 30. Ke1 Kf6 31. f4 Rd4 32. g3 a4 33. c6 axb3 34.
axb3 Rxc6 1/2-1/2

[Event "25.Schlosspark-Open"]
[Site "Wiesbaden-Biebrich"]
[Date "2013.08.23"]
[Round "2.35"]
[White "Kreiling, Carsten"]
[Black "Beck, Michael"]
[Result "1-0"]
[WhiteElo "2111"]
[BlackElo "1930"]
[PlyCount "31"]
[EventDate "2013.??.??"]
[WhiteTeam "SVG Eppstein 1932"]
[BlackTeam "SC Flörsheim 1921"]

1. d4 d5 2. c4 c6 3. cxd5 cxd5 4. Nc3 Nf6 5. Bf4 Nc6 6. e3 a6 7. Rc1 Bf5 8. Nf3
e6 9. Qb3 Na5 10. Qa4+ Nc6 11. Ne5 Rc8 12. Nxc6 Qd7 13. e4 b5 14. Ne5 bxa4 15.
Nxd7 Nxd7 16. exf5 1-0

[Event "25.Schlosspark-Open"]
[Site "Wiesbaden-Biebrich"]
[Date "2013.08.23"]
[Round "2.36"]
[White "Wilke, Jörg"]
[Black "Junker, Christian"]
[Result "0-1"]
[WhiteElo "1926"]
[BlackElo "2100"]
[PlyCount "55"]
[EventDate "2013.??.??"]
[WhiteTeam "SC Matt im Park Ffm"]
[BlackTeam "SV 1926 Neu-Isenburg"]

1. d4 f5 2. c4 e6 3. Nc3 Nf6 4. g3 Be7 5. Bg2 d5 6. Bg5 c6 7. Bxf6 Bxf6 8. cxd5
exd5 9. e3 O-O 10. Nge2 Nd7 11. O-O Be7 12. Rb1 a5 13. a3 Nf6 14. b4 Ne4 15.
Qc2 Nd6 16. b5 Nc4 17. bxc6 bxc6 18. Ra1 Rb8 19. Qa4 Qd6 20. Nf4 Kh8 21. Nfxd5
cxd5 22. Bxd5 Nb6 23. Qxa5 Nxd5 24. Qxd5 Qc7 25. Nb5 Qb6 26. a4 Be6 27. Qe5 Bf6
28. Qd6 {ZÜ} 0-1

[Event "25.Schlosspark-Open"]
[Site "Wiesbaden-Biebrich"]
[Date "2013.08.23"]
[Round "2.37"]
[White "Rödiger, Thomas"]
[Black "Bajer, Renato"]
[Result "1-0"]
[WhiteElo "2086"]
[BlackElo "1923"]
[PlyCount "119"]
[EventDate "2013.??.??"]
[WhiteTeam "SC Bad Soden"]
[BlackTeam "SF 47 Neckartenzlingen"]

1. d4 d5 2. c4 e5 3. dxe5 d4 4. Nf3 Nc6 5. g3 Be6 6. b3 Bb4+ 7. Bd2 Bxd2+ 8.
Qxd2 Nge7 9. Bg2 Qd7 10. Na3 O-O-O 11. Nc2 Ng6 12. O-O-O Qe7 13. e3 dxe3 14.
Qxe3 Bf5 15. Nfd4 Nxd4 16. Rxd4 Rxd4 17. Qxd4 Kb8 18. Qd5 Bc8 19. f4 Rd8 20.
Qe4 Qd7 21. Qe2 Qe7 22. Rd1 Re8 23. Qd2 f6 24. exf6 Qxf6 25. Qd4 Qxd4 26. Rxd4
c5 27. Re4 Rd8 28. Ne3 b6 29. Nd5 Bf5 30. Re1 Kc8 31. Bf3 Bd3 32. Ne7+ Nxe7 33.
Rxe7 Bf5 34. Bd5 Rd7 35. Re8+ Kc7 36. Re5 g6 37. Kb2 Kd6 38. Kc3 Re7 39. Rxe7
Kxe7 40. Bf3 h5 41. a3 a5 42. b4 axb4+ 43. axb4 Kd6 44. Bg2 Kc7 45. Bf1 Kd6 46.
Be2 Kc7 47. bxc5 bxc5 48. Bd3 Kb6 49. Be2 Kc7 50. Kd2 Kb6 51. Bd3 Kc6 52. Bxf5
gxf5 53. h3 Kd6 54. Ke3 Ke6 55. Kf3 Kf6 56. g4 fxg4+ 57. hxg4 hxg4+ 58. Kxg4
Kg6 59. f5+ Kf6 60. Kf4 1-0

[Event "25.Schlosspark-Open"]
[Site "Wiesbaden-Biebrich"]
[Date "2013.08.23"]
[Round "2.38"]
[White "Berger, Ewald"]
[Black "Berberich, Christoph"]
[Result "1/2-1/2"]
[WhiteElo "1923"]
[BlackElo "2078"]
[PlyCount "101"]
[EventDate "2013.??.??"]
[WhiteTeam "vereinslos"]
[BlackTeam "SK Freiburg Zähringen 1887 e.V."]

1. c4 Nf6 2. Nc3 c5 3. Nf3 g6 4. g3 Bg7 5. Bg2 O-O 6. O-O d5 7. cxd5 Nxd5 8.
Qb3 Nxc3 9. dxc3 Nc6 10. Rd1 Qc7 11. e4 Be6 12. Qc2 Rad8 13. Be3 b6 14. Ng5 Bg4
15. f3 Bc8 16. f4 h6 17. Nf3 Rxd1+ 18. Rxd1 Rd8 19. Rxd8+ Qxd8 20. h3 Be6 21.
f5 gxf5 22. exf5 Bc4 23. b3 Bd3 24. Qd2 Bxf5 25. Bxh6 Qxd2 26. Bxd2 Bb1 27. a3
Na5 28. b4 Nc4 29. bxc5 bxc5 30. Bf1 Nxd2 31. Nxd2 Bc2 32. Bc4 Bxc3 33. Nb3 Bb2
34. a4 Bxb3 35. Bxb3 a5 36. Kf2 Kg7 37. Kf3 f5 38. g4 Kf6 39. gxf5 Kxf5 40. Ke3
Bc1+ 41. Kd3 e5 42. Bd5 Kf4 43. Bc6 Bb2 44. Bd5 Ba1 45. Be6 e4+ 46. Kc4 Ke5 47.
Bg4 Kd6 48. h4 Bf6 49. h5 Bg5 50. Bd1 Bd2 51. Be2 1/2-1/2

[Event "25.Schlosspark-Open"]
[Site "Wiesbaden-Biebrich"]
[Date "2013.08.23"]
[Round "2.39"]
[White "Hahn, Florian"]
[Black "Kellerwessel, Ralf"]
[Result "1-0"]
[WhiteElo "2078"]
[BlackElo "1919"]
[PlyCount "47"]
[EventDate "2013.??.??"]
[WhiteTeam "SK Gründau"]
[BlackTeam "SC Bad Soden"]

1. d4 f5 2. g3 Nf6 3. Bg2 g6 4. Nh3 Bg7 5. Nf4 Nc6 6. d5 Ne5 7. h4 c6 8. Nc3
cxd5 9. Ncxd5 Nxd5 10. Qxd5 e6 11. Qb3 d5 12. h5 g5 13. h6 Bf8 14. Nd3 Nf7 15.
c4 dxc4 16. Qxc4 Bxh6 17. Qb5+ Qd7 18. Qxd7+ Bxd7 19. Bxb7 Rb8 20. Bg2 Bg7 21.
Nc5 Bxb2 22. Bxb2 Rxb2 23. Nxd7 Kxd7 24. O-O-O+ 1-0

[Event "25.Schlosspark-Open"]
[Site "Wiesbaden-Biebrich"]
[Date "2013.08.23"]
[Round "2.40"]
[White "Rennhack, Peer"]
[Black "Holgert, Michael"]
[Result "0-1"]
[WhiteElo "1919"]
[BlackElo "2076"]
[PlyCount "64"]
[EventDate "2013.??.??"]
[WhiteTeam "Sabt Frankfurter TV 1860"]
[BlackTeam "ESV Lok Raw Cottbus e.V."]

1. e4 d5 2. exd5 Qxd5 3. d4 e5 4. Nf3 Bg4 5. Be2 exd4 6. Nc3 Qd7 7. Nxd4 Bxe2
8. Qxe2+ Be7 9. Be3 Nf6 10. O-O-O O-O 11. Rhe1 Bb4 12. Ndb5 Qc6 13. Bg5 Nbd7
14. Nd4 Qc5 15. Bxf6 Nxf6 16. Qf3 Rad8 17. Ne4 Nxe4 18. Rxe4 Qg5+ 19. Kb1 c5
20. Rg4 Qd5 21. Qf6 g6 22. c3 Ba5 23. b4 cxb4 24. c4 Qxc4 25. Rc1 Qd3+ 26. Ka1
Rc8 27. Rb1 Qc3+ 28. Rb2 Bb6 29. h4 Qe1+ 30. Rb1 Rc1 31. a4 Rxb1+ 32. Ka2 Ra1+
0-1

[Event "25.Schlosspark-Open"]
[Site "Wiesbaden-Biebrich"]
[Date "2013.08.23"]
[Round "2.41"]
[White "Fucik, Timo"]
[Black "Kempfer, Justus"]
[Result "1-0"]
[WhiteElo "2073"]
[BlackElo "1683"]
[PlyCount "82"]
[EventDate "2013.??.??"]
[WhiteTeam "SK 1926 Ettlingen"]
[BlackTeam "SJ Herborn 1998"]

1. d4 Nf6 2. Bg5 e6 3. e4 c5 4. Bxf6 Qxf6 5. Nf3 cxd4 6. Qxd4 Qxd4 7. Nxd4 Bc5
8. Nb3 Bb6 9. N1d2 O-O 10. Nc4 Bc7 11. O-O-O a6 12. Be2 f5 13. e5 f4 14. Bf3
Ra7 15. Rhe1 b5 16. Nd6 Bb6 17. Re2 Rc7 18. Nd4 Rc5 19. b4 Rc7 20. Kb2 Rd8 21.
Kb3 Kf8 22. c3 Ke7 23. Rc2 g5 24. c4 bxc4+ 25. Rxc4 a5 26. Rxc7 Bxc7 27. b5 Rg8
28. Ka4 Bxd6 29. exd6+ Kxd6 30. Nc6+ Kc7 31. b6+ Kxb6 32. Nxb8 d5 33. Rb1+ Kc7
34. Kxa5 Bb7 35. Rb6 Rxb8 36. Rxe6 Ra8+ 37. Kb5 Kd7 38. Rb6 Kc7 39. Rxb7+ Kxb7
40. Bxd5+ Ka7 41. Bxa8 Kxa8 1-0

[Event "25.Schlosspark-Open"]
[Site "Wiesbaden-Biebrich"]
[Date "2013.08.23"]
[Round "2.42"]
[White "Rosmanitz, Anna"]
[Black "Sandten, Ulrich"]
[Result "0-1"]
[WhiteElo "1615"]
[BlackElo "2073"]
[PlyCount "96"]
[EventDate "2013.??.??"]
[WhiteTeam "SC 1979 Hattersheim"]
[BlackTeam "SF Vonkeln 1931"]

1. e4 c6 2. d4 d5 3. Bd3 dxe4 4. Bxe4 Nf6 5. Bf3 Bf5 6. Ne2 e6 7. Bg5 Nbd7 8.
Nd2 Be7 9. c3 O-O 10. O-O e5 11. Bxf6 Bxf6 12. Ne4 Be7 13. N2g3 Be6 14. Re1 f5
15. Nd2 e4 16. Qe2 Bg5 17. Ndxe4 fxe4 18. Bxe4 Bf7 19. Qg4 Bd2 20. Rf1 Nf6 21.
Qf5 Re8 22. Bd3 Qd7 23. Qf3 Bd5 24. Qd1 Bf4 25. Bf5 Qd6 26. Qd3 b5 27. b3 Rad8
28. Rfe1 Bf7 29. Ne4 Nxe4 30. Bxe4 Qh6 31. g3 Bc7 32. Qf3 Re6 33. Re3 Rf6 34.
Qg2 Bb6 35. Rae1 a5 36. Rf3 b4 37. cxb4 axb4 38. Rxf6 Qxf6 39. Bxc6 Bxd4 40.
Bf3 Rc8 41. Be4 Be6 42. Qf1 Rf8 43. Re2 g6 44. Qg2 Kg7 45. Rd2 Qe5 46. Kh1 Bh3
47. Qxh3 Qxe4+ 48. Kg1 Qe1+ 0-1

[Event "25.Schlosspark-Open"]
[Site "Wiesbaden-Biebrich"]
[Date "2013.08.23"]
[Round "2.44"]
[White "Neurohr, Jürgen"]
[Black "Schmid, Eugen"]
[Result "1-0"]
[WhiteElo "2060"]
[BlackElo "1959"]
[PlyCount "71"]
[EventDate "2013.??.??"]
[WhiteTeam "Sfr.Mainz 1928"]
[BlackTeam "SV Herrenberg e.V."]

1. d4 Nf6 2. c4 e6 3. Nc3 Bb4 4. Qc2 d5 5. a3 Bxc3+ 6. Qxc3 c5 7. dxc5 d4 8.
Qc2 Nc6 9. Nf3 e5 10. e3 O-O 11. exd4 exd4 12. Be2 Re8 13. O-O Qe7 14. Bd3 Qxc5
15. Bg5 h6 16. Bxf6 gxf6 17. Nh4 Qh5 18. Nf5 Bxf5 19. Bxf5 Re5 20. Bd3 Rae8 21.
Rad1 Qh4 22. Qd2 Rh5 23. h3 Rg5 24. Kh1 Kh8 25. Rfe1 Reg8 26. Be4 Rh5 27. Kh2
Rd8 28. Bd5 Rd7 29. Re8+ Kg7 30. Re4 Qg5 31. f4 Qg6 32. Bxc6 bxc6 33. Rxd4 Re7
34. Rd3 Qe4 35. Rg3+ Kh7 36. Qd8 1-0

[Event "25.Schlosspark-Open"]
[Site "Wiesbaden-Biebrich"]
[Date "2013.08.23"]
[Round "2.45"]
[White "Reinert, Stephane"]
[Black "Bratmann, Marc"]
[Result "1/2-1/2"]
[WhiteElo "2050"]
[BlackElo "1730"]
[PlyCount "132"]
[EventDate "2013.??.??"]
[WhiteTeam "SC Bad Nauheim"]
[BlackTeam "SAbt TuS Dotzheim"]

1. d4 d5 2. Nf3 Nf6 3. e3 e6 4. Bd3 Nbd7 5. Nbd2 Bd6 6. b3 e5 7. dxe5 Nxe5 8.
Nxe5 Bxe5 9. Rb1 O-O 10. Nf3 Bc3+ 11. Bd2 Bxd2+ 12. Nxd2 Re8 13. O-O b6 14. Qf3
Bb7 15. Rbd1 Rb8 16. Rfe1 Qe7 17. Qh3 Qe5 18. f4 Qh5 19. Qg3 Qg4 20. Qf2 Rbd8
21. h3 Qc8 22. Qh4 Ne4 23. Nf3 Rd6 24. Bxe4 Rxe4 25. Ne5 Qd8 26. Qh5 Qe7 27.
Kf2 f6 28. Nf3 Qf7 29. Qh4 g5 30. Qg3 Qg6 31. fxg5 fxg5 32. Qxg5 Qxg5 33. Nxg5
Rf6+ 34. Kg1 Re5 35. Nf3 Ref5 36. Nd4 Rf2 37. Rf1 Rxf1+ 38. Rxf1 Rxf1+ 39. Kxf1
a6 40. Kf2 Kf7 41. g4 Kf6 42. Nf3 c5 43. c3 b5 44. Kg3 a5 45. Kf4 h6 46. h4 b4
47. cxb4 axb4 48. Ne5 c4 49. bxc4 dxc4 50. Nd7+ Ke7 51. Nc5 c3 52. e4 c2 53.
Nb3 Ba6 54. Ke3 Kd6 55. Kd2 Bb7 56. Kxc2 Bxe4+ 57. Kb2 Ke5 58. Nc5 Bd5 59. Nd3+
Ke4 60. Nxb4 Bxa2 61. Kxa2 Kf4 62. g5 hxg5 63. h5 Kf5 64. Nd5 g4 65. Ne3+ Kg5
66. Nxg4 Kxh5 1/2-1/2

[Event "25.Schlosspark-Open"]
[Site "Wiesbaden-Biebrich"]
[Date "2013.08.23"]
[Round "2.46"]
[White "Wagner, Dirk"]
[Black "Klebs, Sebastian"]
[Result "1-0"]
[WhiteElo "2049"]
[BlackElo "1707"]
[PlyCount "71"]
[EventDate "2013.??.??"]
[WhiteTeam "SC Matt im Park Ffm"]
[BlackTeam "VfR-SC Koblenz"]

1. d4 d5 2. c4 c6 3. Nf3 e6 4. e3 Nf6 5. Nc3 Bd6 6. Bd3 O-O 7. O-O Nbd7 8. b3
dxc4 9. bxc4 c5 10. d5 Ne5 11. Be2 a6 12. Bb2 Qc7 13. Nxe5 Bxe5 14. f4 Bd6 15.
Bf3 Rb8 16. a4 b6 17. Qc2 Re8 18. Rae1 exd5 19. Bxd5 Bb7 20. g3 Nxd5 21. Nxd5
Bxd5 22. cxd5 c4 23. e4 Bc5+ 24. Kg2 b5 25. axb5 axb5 26. e5 Qb7 27. Qe4 Ra8
28. Ra1 Red8 29. Rfd1 Rxa1 30. Bxa1 Qa8 31. Kh3 Qc8+ 32. f5 g6 33. e6 Qc7 34.
Rf1 fxe6 35. fxg6 h6 36. Qxe6+ 1-0

[Event "25.Schlosspark-Open"]
[Site "Wiesbaden-Biebrich"]
[Date "2013.08.23"]
[Round "2.47"]
[White "Gelfenbaum, Daniel"]
[Black "Seickel, Ralf"]
[Result "0-1"]
[WhiteElo "1332"]
[BlackElo "2037"]
[PlyCount "88"]
[EventDate "2013.??.??"]
[WhiteTeam "SAbt TuS Makkabi Ffm"]
[BlackTeam "SV 1926 Neu-Isenburg"]

1. e4 c5 2. Nf3 a6 3. d4 cxd4 4. Nxd4 Nf6 5. Nc3 e5 6. Nf3 Nc6 7. Bc4 Bb4 8.
O-O O-O 9. Bg5 Bxc3 10. bxc3 h6 11. Bxf6 Qxf6 12. Qd2 d6 13. Rfd1 Rd8 14. Rab1
Be6 15. Bxe6 Qxe6 16. Qd5 Qxd5 17. exd5 Na5 18. Rb6 Rac8 19. Rb2 Rxc3 20. Ne1
b5 21. Rd3 Rdc8 22. Kf1 Kf8 23. Ke2 Ke7 24. f3 f5 25. g3 g5 26. Rb4 Rxd3 27.
cxd3 Rc5 28. Ng2 Rc2+ 29. Kf1 Rxa2 30. h3 Ra4 31. Rxa4 bxa4 32. Ne3 a3 33. Nc2
a2 34. Na1 Kd7 35. Ke2 Kc7 36. Kd2 Kb6 37. Kc3 Kc5 38. Nc2 Kxd5 39. Nb4+ Kc5
40. Nxa2 Nc6 41. Nc1 Nd4 42. f4 exf4 43. gxf4 g4 44. h4 g3 0-1

[Event "25.Schlosspark-Open"]
[Site "Wiesbaden-Biebrich"]
[Date "2013.08.23"]
[Round "2.48"]
[White "Scharrer, Udo"]
[Black "Braum, Hermann Josef"]
[Result "1-0"]
[WhiteElo "2036"]
[BlackElo "1550"]
[PlyCount "43"]
[EventDate "2013.??.??"]
[WhiteTeam "SG Stern Stuttgart"]
[BlackTeam "Vorw.Orient Mainz"]

1. d4 d5 2. c4 c6 3. Nf3 Nf6 4. Qc2 Bg4 5. Nbd2 Nbd7 6. g3 e6 7. Bg2 Bb4 8. O-O
O-O 9. a3 Bxd2 10. Bxd2 a5 11. c5 b6 12. b4 axb4 13. Bxb4 bxc5 14. Bxc5 Nxc5
15. Qxc5 Qc7 16. Rfc1 Rfc8 17. h3 Ra5 18. Qb4 Rca8 19. hxg4 Ra4 20. Qc3 Ne4 21.
Qxc6 Qxc6 22. Rxc6 1-0

[Event "25.Schlosspark-Open"]
[Site "Wiesbaden-Biebrich"]
[Date "2013.08.23"]
[Round "2.49"]
[White "Eg, Karlheinz"]
[Black "Hoffmann, Jens"]
[Result "0-1"]
[WhiteElo "1999"]
[BlackElo "1655"]
[PlyCount "56"]
[EventDate "2013.??.??"]
[WhiteTeam "SV Rüsselsheim 1929"]
[BlackTeam "SF HN-Biberach 1978 e.V."]

1. e4 c5 2. Nf3 d6 3. d4 cxd4 4. Nxd4 Nf6 5. Nc3 g6 6. Be2 Bg7 7. Be3 O-O 8.
O-O Nc6 9. Kh1 Bd7 10. f4 Qc8 11. Qd2 Ng4 12. Bg1 Nh6 13. Nd5 Re8 14. f5 gxf5
15. Be3 Nxd4 16. Bxh6 Qxc2 17. Qg5 Ne6 18. Qg3 Qxe2 19. Rxf5 Qxb2 20. Raf1 Rf8
21. e5 dxe5 22. Bxg7 Nxg7 23. Rg5 e4 24. Nc3 Rac8 25. Rxg7+ Kh8 26. Rxh7+ Kxh7
27. Qh4+ Kg6 28. Qg3+ Kh6 0-1

[Event "25.Schlosspark-Open"]
[Site "Wiesbaden-Biebrich"]
[Date "2013.08.23"]
[Round "2.50"]
[White "Mütsch, Annmarie"]
[Black "Osswald, Luis Monty"]
[Result "0-1"]
[WhiteElo "1277"]
[BlackElo "1965"]
[PlyCount "98"]
[EventDate "2013.??.??"]
[WhiteTeam "SF HN-Biberach 1978 e.V."]
[BlackTeam "Kasseler SK 1876"]

1. e4 c5 2. c3 Nf6 3. e5 Nd5 4. d4 e6 5. Bc4 Nb6 6. Bb3 Qc7 7. Nf3 d6 8. Bf4
Nc6 9. O-O dxe5 10. Nxe5 Nxe5 11. Bxe5 Bd6 12. Bxd6 Qxd6 13. dxc5 Qxc5 14. Ba4+
Nxa4 15. Qxa4+ Bd7 16. Qg4 O-O 17. Nd2 Qb6 18. b3 Qc7 19. Rac1 Kh8 20. Nf3 e5
21. Qe4 Rae8 22. Rfe1 f5 23. Qh4 Bc6 24. Ng5 h6 25. Qh5 Kg8 26. Nf3 Re7 27. h3
Be8 28. Qh4 Rf6 29. Nd2 Bf7 30. Qa4 Ra6 31. Qb5 Rxa2 32. Nf3 Ra5 33. Qb4 Rc5
34. Nh4 e4 35. g3 a5 36. Qd4 g5 37. Ng2 Rd5 38. Qa4 Rd2 39. Ne3 Qb6 40. Rf1 Be6
41. Qa3 Red7 42. c4 f4 43. gxf4 gxf4 44. Ng4 Rg7 45. Qa4 Bd7 46. c5 Qg6 47.
Qxa5 Bxg4 48. Kh2 Bf3 49. Qd8+ Rxd8 0-1

[Event "25.Schlosspark-Open"]
[Site "Wiesbaden-Biebrich"]
[Date "2013.08.23"]
[Round "2.52"]
[White "Breitbach, Stephan"]
[Black "Muuss, Klaus"]
[Result "0-1"]
[WhiteElo "1741"]
[BlackElo "2009"]
[PlyCount "70"]
[EventDate "2013.??.??"]
[WhiteTeam "SC 1961 König Nied"]
[BlackTeam "VSF Flintbek"]

1. e4 e5 2. Nf3 Nc6 3. d4 exd4 4. Nxd4 Nf6 5. Nc3 Bb4 6. Nxc6 bxc6 7. Bd3 d6 8.
Bd2 O-O 9. O-O Rb8 10. Re1 Bc5 11. Na4 Bg4 12. Qc1 Bb4 13. c3 Ba5 14. b4 Bb6
15. Nxb6 cxb6 16. f3 Be6 17. Qc2 Rb7 18. Bg5 h6 19. Bh4 b5 20. f4 Qb6+ 21. Bf2
Qc7 22. h3 Nd7 23. Re3 c5 24. f5 Bc4 25. Rd1 Ne5 26. Bxc4 Nxc4 27. Rg3 f6 28.
Qc1 Kh7 29. Qf4 Ne5 30. bxc5 dxc5 31. Rd5 c4 32. Bd4 Re8 33. Bxe5 Rxe5 34. Rf3
Rxd5 35. Qxc7 Rd1+ 0-1

[Event "25.Schlosspark-Open"]
[Site "Wiesbaden-Biebrich"]
[Date "2013.08.23"]
[Round "2.53"]
[White "Kirmeir, Andreas"]
[Black "Rutsatz, Mario"]
[Result "0-1"]
[WhiteElo "1738"]
[BlackElo "1918"]
[PlyCount "126"]
[EventDate "2013.??.??"]
[WhiteTeam "SC Landskrone"]
[BlackTeam "Sfr. Frankfurt 1921"]

1. b3 Nf6 2. Bb2 c5 3. d3 Nc6 4. g3 d5 5. Bg2 Bf5 6. Nd2 e6 7. e3 Be7 8. h3 O-O
9. a3 h6 10. Ngf3 Qc7 11. g4 Bh7 12. g5 hxg5 13. Nxg5 Bg6 14. h4 Bh5 15. Bf3
Bxf3 16. Qxf3 Ne5 17. Qg2 c4 18. Bxe5 Qxe5 19. d4 Qf5 20. e4 dxe4 21. Nxc4 Rfd8
22. c3 Qb5 23. Rb1 Rac8 24. a4 Qf5 25. Ne3 Qa5 26. O-O Qxc3 27. Nxe4 Qxd4 28.
Nxf6+ Bxf6 29. Qxb7 Qxh4 30. Rfd1 Bd4 31. Qb4 e5 32. Rbc1 Qg5+ 33. Kf1 Qf4 34.
Rxc8 Rxc8 35. Qb7 Re8 36. Rd3 Re6 37. Qa8+ Kh7 38. Qh1+ Rh6 39. Qg2 Rh2 40. Qg3
Qxg3 41. fxg3 Bxe3 42. Rxe3 f6 43. Re4 Kg6 44. Rb4 Kf5 45. Rb7 Rb2 46. b4 a5
47. b5 Rb4 48. Rxg7 Rxa4 49. b6 Rb4 50. g4+ Kf4 51. b7 a4 52. Rf7 Kxg4 53. Rxf6
Rxb7 54. Ra6 Rb4 55. Ke2 Kf4 56. Kd3 e4+ 57. Kc3 Rb3+ 58. Kc2 Ra3 59. Rf6+ Ke3
60. Ra6 Ke2 61. Kb2 Rb3+ 62. Kc2 Rb8 63. Rxa4 Rc8+ 0-1